| 000 | 00428nam a2200181Ia 4500 | ||
|---|---|---|---|
| 005 | 20240823062539.0 | ||
| 008 | 240823s9999||||xx |||||||||||||| ||und|| | ||
| 041 | _aENGLISH | ||
| 082 | _A338.5 N6 | ||
| 100 | _aAhuja H L | ||
| 245 | 0 | _aModern Microeconomics | |
| 250 | _a1st | ||
| 260 |
_c1996 _bS.Chand & Com New Delhi |
||
| 500 | _aYES | ||
| 650 |
_aMicroeconomics _bManagement Studies |
||
| 942 | _cBK | ||
| 999 |
_c236134 _d236134 |
||